Automation, production systems, computer-integrated manufacturing (Record no. 576789)

000 -LEADER
fixed length control field 00426nam a22001457a 4500
020 ## - INTERNATIONAL STANDARD BOOK NUMBER
International Standard Book Number 9789332572492
082 ## - DEWEY DECIMAL CLASSIFICATION NUMBER
Classification number 670.427 GRO
100 ## - MAIN ENTRY--PERSONAL NAME
Personal name Groover, Mikell P.
9 (RLIN) 10254
245 ## - TITLE STATEMENT
Title Automation, production systems, computer-integrated manufacturing
250 ## - EDITION STATEMENT
Edition statement 4th
260 ## - PUBLICATION, DISTRIBUTION, ETC.
Place of publication, distribution, etc. India
Name of publisher, distributor, etc. Pearson
Date of publication, distribution, etc. 2017
300 ## - PHYSICAL DESCRIPTION
Extent 816 P
650 ## - SUBJECT ADDED ENTRY--TOPICAL TERM
Topical term or geographic name entry element Automation, Production systems, Computer-Integrated Manufacturing
9 (RLIN) 69557
942 ## - ADDED ENTRY ELEMENTS (KOHA)
Koha item type Book
Holdings
Withdrawn status Lost status Damaged status Not for loan Collection code Permanent Location Current Location Shelving location Date acquired Total Checkouts Full call number Barcode Date last seen Price effective from Koha item type
          College of Electrical & Mechanical Engineering (CEME) College of Electrical & Mechanical Engineering (CEME) General Stacks 09/05/2019   670.427 GRO CEME-49731 06/28/2021 06/28/2021 Book
          College of Electrical & Mechanical Engineering (CEME) College of Electrical & Mechanical Engineering (CEME) General Stacks 09/05/2019   670.427 GRO CEME-49732 01/27/2026 06/28/2021 Book
          College of Electrical & Mechanical Engineering (CEME) College of Electrical & Mechanical Engineering (CEME) General Stacks 09/05/2019   670.427 GRO CEME-49733 06/28/2021 06/28/2021 Book
          College of Electrical & Mechanical Engineering (CEME) College of Electrical & Mechanical Engineering (CEME) General Stacks 09/05/2019   670.427 GRO CEME-49734 06/28/2021 06/28/2021 Book
          College of Electrical & Mechanical Engineering (CEME) College of Electrical & Mechanical Engineering (CEME) General Stacks 09/05/2019   670.427 GRO CEME-49735 06/28/2021 06/28/2021 Book
© 2023 Central Library, National University of Sciences and Technology. All Rights Reserved.